00327pab a2200121 454500008004000000100001600040245006200056260000900118300001100127362000900138650003800147773002000185180718b1985 xxu||||| |||| 00| 0 eng d aSinha, V.C. aResolving India's urbanisation problemsbThe Gandhian way c1985 a365-73 aJune aCities And Towns - Growth - India aKhadi Gramodyog